01110 2200361 4500001002100000005001500021035002000036007000300056008004100059020002200100040002200122082001500144084001700159090002100176090002200197100003300219245009500252250003400347300005000381650002100431700002200452700002100474850001200495504002900507264005400536336002100590337003000611338002300641999002200664990002200686990002000708990002000728INLIS00000000085288920191111013408 a0010-1119000297ta191111 2018 yoia g 0 ind d a978-602-386-089-0 aYOPDYOGbinderda04223a628.13 a628.13 AGU m aDEP 628.13 AGU m aCB-D.11 2018-34530 aAgus Maryonod1892-epenulis10aMemanen air hujan = rainwater harvesting /cpenulis, Agus Maryono; penyunting, Sista, Aziz aCetakan ketiga: November 2018 axvi, 130 halaman :bilustrasi, tabel ;c23 cm 4aAir, penyulingan0 aSistaepenyunting0 aAzizepenyunting aYOPDYOG abibliografi halaman: 129 1aYogyakarta :bGadjah Mada University Press,c2018 2rdacontentateks 2rdamediaatanpa perantara 2rdacarrieravolume aCB-D.11/2018-3453 aCB-D.11/2018-3453 a43306-PD/B.2022 a43307-PD/B.2022